000 00865nam a22002417a 4500
999 _c64530
_d64530
005 20240530110736.0
008 180716s2008 ua g b 000 0 ara d
017 _a2006/22873
_bمصر. دار الكتب
020 _a9771438301
040 _aEG-CaGPL
_cEG-CaGPL
082 0 4 _221
_a218 /
_bم إ
100 0 _aمحمد عمارة
245 1 2 _aالاستقلال الحضارى /
_cتاليف محمد عمارة
250 _aط.2
260 _aالقاهرة :
_bنهضة مصر للطباعة والنشر والتوزيع،
_c2008.
300 _a238 ص. ؛
_c19 سم.
504 _aيشتمل على ارجاعات ببليوجرافية
650 0 7 _2qrmak
_aالثقافة الاسلامية
650 0 7 _2qrmak
_aالاسلام والاصلاح الجتماعى
651 _2qrmak
942 _2ddc
_cBK